000 00326nam a22001337a 4500
008 170922b xxu||||| |||| 00| 0 eng d
020 _a9780872063396
041 _aeng
080 _a37
100 _a46
101 _aEDU
245 _aIIEPASSPORT THE COMPLETE GUIDE STUDYING ABROARD
_cIILUAS.E
942 _2udc
_cBK
999 _c29196
_d29196